<?xml version="1.0" encoding="UTF-8"?>
<record
    xmlns:xsi="http://www.w3.org/2001/XMLSchema-instance"
    xsi:schemaLocation="http://www.loc.gov/MARC21/slim http://www.loc.gov/standards/marcxml/schema/MARC21slim.xsd"
    xmlns="http://www.loc.gov/MARC21/slim">

  <leader>01812nam a2200289 a 4500</leader>
  <controlfield tag="001">000048407</controlfield>
  <controlfield tag="003">DO-SdBNP</controlfield>
  <controlfield tag="005">20240319121127.0</controlfield>
  <controlfield tag="007">ta</controlfield>
  <controlfield tag="008">190304s2012    dr ac         000 m spa d</controlfield>
  <datafield tag="020" ind1=" " ind2=" ">
    <subfield code="a">9789945882025</subfield>
  </datafield>
  <datafield tag="040" ind1=" " ind2=" ">
    <subfield code="a">DO-SdBNP</subfield>
    <subfield code="b">spa</subfield>
    <subfield code="c">BNPHU</subfield>
  </datafield>
  <datafield tag="082" ind1=" " ind2=" ">
    <subfield code="a">709.7293</subfield>
    <subfield code="b">C691e</subfield>
  </datafield>
  <datafield tag="245" ind1="0" ind2="0">
    <subfield code="a">Colecci&#xF3;n Eduardo Le&#xF3;n Jimenes de artes visuales :</subfield>
    <subfield code="b">estructura, contenido, proyecci&#xF3;n, trascendencia /</subfield>
    <subfield code="c">textos Marianne de Tolentino, Rafael Emilio Yun&#xE9;n, Kerenia Guillar&#xF3;n, Sara Hermann, Jos&#xE9; M. Fern&#xE1;ndez Peque&#xF1;o ; traducci&#xF3;n Dolores Vicioso. </subfield>
  </datafield>
  <datafield tag="260" ind1=" " ind2=" ">
    <subfield code="a">Santiago de los Caballeros, Rep&#xFA;blica Dominicana :</subfield>
    <subfield code="b">Centro Le&#xF3;n,</subfield>
    <subfield code="c">2012.</subfield>
  </datafield>
  <datafield tag="300" ind1=" " ind2=" ">
    <subfield code="a">279 p. :</subfield>
    <subfield code="b">il., retrs. ;</subfield>
    <subfield code="c">24 cm.</subfield>
  </datafield>
  <datafield tag="500" ind1=" " ind2=" ">
    <subfield code="a">Incluye datos biogr&#xE1;ficos de la autora en la solapa de la portada. </subfield>
  </datafield>
  <datafield tag="505" ind1="0" ind2=" ">
    <subfield code="a">De c&#xF3;mo una colecci&#xF3;n de arte genera un dialogo permanente con la comunidad</subfield>
    <subfield code="r">Rafael Emilio Yun&#xE9;n --</subfield>
    <subfield code="t">Colecci&#xF3;n y concurso Eduardo Le&#xF3;n Jimenes: memoria y proyecci&#xF3;n del arte dominicano /</subfield>
    <subfield code="r">Marianne de Tolentino --</subfield>
    <subfield code="t">El coleccionismo privado en la Rep&#xFA;blica Dominicana. La Colecci&#xF3;n Eduardo Le&#xF3;n Jimenes de Artes Visuales como paradigma /</subfield>
    <subfield code="r">Karenia Guillar&#xF3;n, Sara Hermann --</subfield>
    <subfield code="t">Concurso de arte Eduardo Le&#xF3;n Jimenes: Un dialogo de medio siglo /</subfield>
    <subfield code="r">Jos&#xE9; M. Fernandez Pequen&#xF3;</subfield>
    <subfield code="t">Selecci&#xF3;n de obras --</subfield>
    <subfield code="t">Concurso Eduardo Le&#xF3;n Jimenes: obras premiadas y jurados --</subfield>
    <subfield code="t">Eduardo Le&#xF3;n Jimenes Visual Arts Collection: Structure, Content, Projections, Transcendence.</subfield>
  </datafield>
  <datafield tag="590" ind1=" " ind2=" ">
    <subfield code="a">Inventariado, 2019/LP</subfield>
  </datafield>
  <datafield tag="700" ind1="1" ind2=" ">
    <subfield code="a">Tolentino, Marianne de</subfield>
    <subfield code="9">15222</subfield>
  </datafield>
  <datafield tag="700" ind1="1" ind2=" ">
    <subfield code="a">Yun&#xE9;n, Rafael Emilio</subfield>
    <subfield code="d">1952-</subfield>
    <subfield code="9">2304</subfield>
  </datafield>
  <datafield tag="700" ind1="1" ind2=" ">
    <subfield code="a">Fern&#xE1;ndez Peque&#xF1;o, Jos&#xE9; Manuel.</subfield>
    <subfield code="9">9243</subfield>
  </datafield>
  <datafield tag="700" ind1="1" ind2=" ">
    <subfield code="a">Guillar&#xF3;n, Karenia.</subfield>
    <subfield code="9">75814</subfield>
  </datafield>
  <datafield tag="700" ind1="1" ind2=" ">
    <subfield code="a">Hermann, Sara.</subfield>
    <subfield code="9">58086</subfield>
  </datafield>
  <datafield tag="700" ind1="1" ind2=" ">
    <subfield code="a">Vicioso, Dolores,</subfield>
    <subfield code="9">74661</subfield>
    <subfield code="e">trad.</subfield>
  </datafield>
  <datafield tag="942" ind1=" " ind2=" ">
    <subfield code="2">ddc</subfield>
    <subfield code="c">LBS1</subfield>
  </datafield>
  <datafield tag="952" ind1=" " ind2=" ">
    <subfield code="0">0</subfield>
    <subfield code="1">0</subfield>
    <subfield code="2">ddc</subfield>
    <subfield code="5">1</subfield>
    <subfield code="7">0</subfield>
    <subfield code="8">PD</subfield>
    <subfield code="a">BNPHU</subfield>
    <subfield code="b">BNPHU</subfield>
    <subfield code="c">CT</subfield>
    <subfield code="d">2019-03-04</subfield>
    <subfield code="i">LF1</subfield>
    <subfield code="o">xxxx C691e</subfield>
    <subfield code="p">48407-10</subfield>
    <subfield code="r">2020-06-25</subfield>
    <subfield code="w">2020-06-25</subfield>
    <subfield code="y">LFPD</subfield>
  </datafield>
  <datafield tag="952" ind1=" " ind2=" ">
    <subfield code="0">0</subfield>
    <subfield code="1">0</subfield>
    <subfield code="2">ddc</subfield>
    <subfield code="5">1</subfield>
    <subfield code="7">0</subfield>
    <subfield code="8">PD</subfield>
    <subfield code="a">BNPHU</subfield>
    <subfield code="b">BNPHU</subfield>
    <subfield code="c">CT</subfield>
    <subfield code="d">2021-12-16</subfield>
    <subfield code="e">Centro Le&#xF3;n</subfield>
    <subfield code="i">LF1</subfield>
    <subfield code="l">0</subfield>
    <subfield code="o">xxxx C691e</subfield>
    <subfield code="p">2022-5066</subfield>
    <subfield code="r">2022-11-09</subfield>
    <subfield code="t">e. 2</subfield>
    <subfield code="w">2020-06-25</subfield>
    <subfield code="y">LBS1</subfield>
  </datafield>
  <datafield tag="952" ind1=" " ind2=" ">
    <subfield code="0">0</subfield>
    <subfield code="1">0</subfield>
    <subfield code="2">ddc</subfield>
    <subfield code="5">6</subfield>
    <subfield code="7">0</subfield>
    <subfield code="8">DS</subfield>
    <subfield code="a">BNPHU</subfield>
    <subfield code="b">BNPHU</subfield>
    <subfield code="c">CT</subfield>
    <subfield code="d">2021-12-16</subfield>
    <subfield code="e">Centro Le&#xF3;n</subfield>
    <subfield code="i">LF1</subfield>
    <subfield code="l">0</subfield>
    <subfield code="o">xxxx C691e</subfield>
    <subfield code="p">2022-5067</subfield>
    <subfield code="r">2022-11-09</subfield>
    <subfield code="t">e. 3</subfield>
    <subfield code="w">2020-06-25</subfield>
    <subfield code="y">LBS1</subfield>
  </datafield>
  <datafield tag="952" ind1=" " ind2=" ">
    <subfield code="0">0</subfield>
    <subfield code="1">0</subfield>
    <subfield code="2">ddc</subfield>
    <subfield code="5">6</subfield>
    <subfield code="7">0</subfield>
    <subfield code="8">DS</subfield>
    <subfield code="a">BNPHU</subfield>
    <subfield code="b">BNPHU</subfield>
    <subfield code="c">CT</subfield>
    <subfield code="d">2021-12-16</subfield>
    <subfield code="e">Centro Le&#xF3;n</subfield>
    <subfield code="i">LF1</subfield>
    <subfield code="l">0</subfield>
    <subfield code="o">xxxx C691e</subfield>
    <subfield code="p">2022-5068</subfield>
    <subfield code="r">2022-11-09</subfield>
    <subfield code="t">e. 4</subfield>
    <subfield code="w">2020-06-25</subfield>
    <subfield code="y">LBS1</subfield>
  </datafield>
  <datafield tag="999" ind1=" " ind2=" ">
    <subfield code="c">47895</subfield>
    <subfield code="d">47895</subfield>
  </datafield>
</record>
